Vainqueur Ligue B - Statistiques

Statistiques générales
  • Ce quiz a été pris 2 fois
  • Le résultat moyen est 31 sur 42
Statistiques - réponses
Année Réponse % Correct
2018 AS Cannes
100%
2024 AS Cannes
100%
2011 ASU Lyon
100%
1999 Avignon VB
100%
2000 Avignon VB
100%
2012 Avignon VB
100%
1990 CASG Paris
100%
2008 Club Alès CVB
100%
2020 Compétition annulée
100%
2001 Dunkerque DFVB
100%
2009 GFCO Ajaccio
100%
2025 GFCO Ajaccio
100%
2015 GNVB
100%
1987 JSA Bordeaux
100%
1995 Nice VB
100%
2016 Nice VB
100%
1993 Paris UC
100%
2019 Paris Volley
100%
1984 RC France
100%
1986 RC France
100%
2002 Rennes EC
100%
2003 Saint-Brieuc CAVB
100%
2005 Spacer's de Toulouse
100%
1989 Stade français
100%
2014 Tourcoing Lille MVB
100%
2017 Tourcoing Lille MVB
100%
1994 Tours VB
100%
2010 UGS Nantes-Rezé
100%
2013 Saint-Nazaire VBA
50%
2022 Saint-Nazaire VBA
50%
1988 Stade poitevin
50%
1992 Stade poitevin
50%
2007 UVB Narbonne
50%
1985 AS Fréjus
0%
1998 Asnières Sport
0%
2006 Asnières Sport
0%
1991 Asnières Sports
0%
2023 AS Saint-Jean-d'Illac
0%
1996 FLL Agde
0%
2004 FL Saint-Quentin
0%
1997 JSA Bordeaux
0%
2021 Le Plessis-Robinson VB
0%
Aucun quiz correspondant
Distribution des résultats
% des personnes avec chaque résultat
Percentile par nombre de réponses
Votre historique - résultats
Vous n’avez pas pris ce quiz